00401nam a2200157Ia 4500003000400000005001700004008004100021020001800062040000900080082002200089100002400111245005400135260003200189300000900221650001300230OSt20201229130535.0190216s9999||||xx |||||||||||||| ||und|| a9788171308116 coclc a894.812301bPAR/B aParameswaran, Evoor 0aBharatheeya Nadodikkathakal /cEvoor Parameswaran bDc Books,aKottayam:c2007. a226p aKathakal